| 000 | 00393nam a2200145Ia 4500 | ||
|---|---|---|---|
| 008 | 151213s9999 xx 000 0 und d | ||
| 100 | _aW. Somerset Maugham | ||
| 245 |
_aThe Painted Veil _cW. Somerset Maugham |
||
| 260 |
_aLondon _bPenguing Books _c1960 |
||
| 300 | _a7298 p. | ||
| 650 | _aEnglish Literature | ||
| 650 | _aEnglish Literature | ||
| 700 | _aW. Somerset Maugham | ||
| 999 |
_c3869 _d3869 |
||